The warlords of Nin
When an omen of dire evil in the form of Nin the Destroyer threatens to shatter the ten-year peace of Mensandor, Quentin, the brave man who had helped the now dead Dragon King reclaim his throne, is chosen by destiny to save the realm. Reprint.
Gorde:
| Egile nagusia: | |
|---|---|
| Formatua: | Liburua |
| Hizkuntza: | Undetermined |
| Argitaratua: |
New York
Avon Books
1983
|
| Gaiak: | |
| Etiketak: |
Etiketa erantsi
Etiketarik gabe, Izan zaitez lehena erregistro honi etiketa jartzen!
|
| Thư viện lưu trữ: | Trung tâm Học liệu Trường Đại học Cần Thơ |
|---|
| LEADER | 00744nam a2200193Ia 4500 | ||
|---|---|---|---|
| 001 | CTU_12859 | ||
| 008 | 210402s9999 xx 000 0 und d | ||
| 082 | |a 810 | ||
| 082 | |b L415 | ||
| 100 | |a Lawhead, Stephen R. | ||
| 245 | 4 | |a The warlords of Nin | |
| 245 | 0 | |c Stephen R Lawhead | |
| 260 | |a New York | ||
| 260 | |b Avon Books | ||
| 260 | |c 1983 | ||
| 520 | |a When an omen of dire evil in the form of Nin the Destroyer threatens to shatter the ten-year peace of Mensandor, Quentin, the brave man who had helped the now dead Dragon King reclaim his throne, is chosen by destiny to save the realm. Reprint. | ||
| 650 | |a American literature | ||
| 904 | |i Nguyễn Quang Điền | ||
| 980 | |a Trung tâm Học liệu Trường Đại học Cần Thơ | ||